000
00263nam a22001217a 4500
082
_a
158
_b
KHE/F
100
_a
KHERA,SHIV
245
_a
FREEDOM IS NOT FREE
260
_a
INDIA
_b
MACMILLAN
300
_a
223
650
_a
PERSONALITY DEVELOPMENT
_z
INDIA
942
_c
BK
999
_c
5304
_d
5304